The fundamental importance of expert evidence (Record no. 68025)

MARC details
000 -LEADER
fixed length control field 01316cam a2200229 4500
001 - CONTROL NUMBER
control field ABS64365
008 - FIXED-LENGTH DATA ELEMENTS--GENERAL INFORMATION
fixed length control field 010816n2001 000 0 eng u
035 ## - SYSTEM CONTROL NUMBER
System control number (Sirsi) u114177
100 ## - MAIN ENTRY--PERSONAL NAME
Personal name Ross, J
245 #4 - TITLE STATEMENT
Title The fundamental importance of expert evidence
260 ## - PUBLICATION, DISTRIBUTION, ETC.
Date of publication, distribution, etc. 2001
490 ## - SERIES STATEMENT
Series statement New Law Journal
Volume/sequential designation 151(6992) 13 July 2001, 1055(1)
520 ## - SUMMARY, ETC.
Summary, etc. Examines the case of "Hammersmith Hospitals NHS Trust & others v Troup Bywaters and Anders (a firm)" [2001] All ER (D) 341 (May) and the issues raised by this case over the value of expert evidence in professional negligence cases. Article warns that expert evidence can fall apart when tested at trial and that expert evidence needs to address all relevant issues, not just the personal view of the expert. In this particular case, the expert witness had concentrated on his own opinion and not allowed for any difference of view by a reasonably competent services engineer over the issue.
590 ## - LOCAL NOTE (RLIN)
Local note ABS
650 ## - SUBJECT ADDED ENTRY--TOPICAL TERM
Topical term or geographic name entry element EXPERT WITNESSES
650 ## - SUBJECT ADDED ENTRY--TOPICAL TERM
Topical term or geographic name entry element EXPERT EVIDENCE
650 ## - SUBJECT ADDED ENTRY--TOPICAL TERM
Topical term or geographic name entry element CROSS EXAMINATION
650 ## - SUBJECT ADDED ENTRY--TOPICAL TERM
Topical term or geographic name entry element PROFESSIONAL NEGLIGENCE
650 ## - SUBJECT ADDED ENTRY--TOPICAL TERM
Topical term or geographic name entry element HAMMERSMITH HOSPITALS NHS TRUST V TROUP BYWATERS AND ANDERS
690 ## - LOCAL SUBJECT ADDED ENTRY--TOPICAL TERM (OCLC, RLIN)
Topical term or geographic name as entry element MANAGEMENT-DISPUTE AVOIDANCE, MANAGEMENT AND RESOLUTION-DISPUTE MANAGEMENT AND RESOLUTION-EXPERT WITNESSES
942 ## - ADDED ENTRY ELEMENTS (KOHA)
Suppress in OPAC 0
Holdings
Withdrawn status Lost status Source of classification or shelving scheme Damaged status Not for loan Home library Current library Shelving location Date acquired Total Checkouts Full call number Barcode Date last seen Copy number Price effective from Koha item type
    Dewey Decimal Classification     London London Journal article 16/08/2001   ABS64365 114177-1001 06/08/2019 1 06/08/2019 Journal article